| 000 | 00000nam##2200000za#4500 |
| 001 | 9.664129 |
| 003 | CaOODSP |
| 005 | 20210615121425 |
| 007 | ta |
| 008 | 150407|2002||||xxc||||| f|0| 0 eng|d |
| 020 | |a0-662-66906-1 |
| 040 | |aCaOODSP|beng |
| 041 | |aeng |
| 041 | |afre |
| 043 | |an-cn--- |
| 086 | 1 |aH21-183/2002 |
| 110 | 1 |aCanada. |bHuman Resources Development Canada. |
| 245 | 10|aEarly childhood development activities and expenditures : |bgovernment of Canada report 2001-2002 / |cCo-published by Health Canada and Indian and Northern Affairs Canada. |
| 260 | |aOttawa - Ontario : |bHuman Resources Development Canada |c2002. |
| 300 | |aEnglish text, 102p. : |bfigs., illus., tables ; |c28 cm. |
| 500 | |aAt head of title: Federal/Provincial/Territorial Early Childhood Development Agreement. |
| 500 | |aCo-published by Health Canada, Human Resources Development Canada, and Indian and Northern Affairs Canada. |
| 563 | |aSoftcover |
| 590 | |a03-29|b2003-07-18 |
| 690 | 07|aPreschool education|2gcpds |
| 690 | 07|aFederal provincial agreements|2gcpds |
| 690 | 07|aInfant care|2gcpds |
| 690 | 07|aPerinatal care|2gcpds |
| 690 | 07|aChildren|2gcpds |
| 690 | 07|aFamily|2gcpds |
| 690 | 07|aParenting|2gcpds |
| 690 | 07|aChildren's health|2gcpds |
| 690 | 07|aEducation|2gcpds |
| 710 | 2 |aHealth Canada. |
| 710 | 2 |aIndian and Northern Affairs Canada. |
| 776 | 0#|tActivités et dépenses relatives au développement de la petite enfance |w(CaOODSP)9.630844 |
| 776 | 0#|tEarly childhood development activities and expenditures |w(CaOODSP)9.686373 |
| 792 | |tActivités et dépenses relatives au développement de la petite enfance : |efre|w(CaOODSP)9.664130 |
| 986 | |aSP-544-11-02 |